100 kisah menarik tentang Islam (Record no. 131481)

MARC details
000 -LEADER
fixed length control field 00739nam a2200253 i 4500
001 - CONTROL NUMBER
control field C2-0332857
003 - CONTROL NUMBER IDENTIFIER
control field PPAK
005 - DATE AND TIME OF LATEST TRANSACTION
control field 20180728133008.0
008 - FIXED-LENGTH DATA ELEMENTS--GENERAL INFORMATION
fixed length control field 150818s2015 my a|||| ||||| | may d
020 ## - INTERNATIONAL STANDARD BOOK NUMBER
International Standard Book Number 9789670618937
040 ## - CATALOGING SOURCE
Original cataloging agency PPAK
Language of cataloging eng
Transcribing agency PPAK
Description conventions rda
082 04 - DEWEY DECIMAL CLASSIFICATION NUMBER
Classification number 297.18
Edition number 23
090 00 - LOCALLY ASSIGNED LC-TYPE CALL NUMBER (OCLC); LOCAL CALL NUMBER (RLIN)
Classification number (OCLC) (R) ; Classification number, CALL (RLIN) (NR) 297.18
Feature heading ZUL
Feature heading K
100 0# - MAIN ENTRY--PERSONAL NAME
Personal name Zulfairy,
Relator term author
245 10 - TITLE STATEMENT
Title 100 kisah menarik tentang Islam
264 #1 - PRODUCTION, PUBLICATION, DISTRIBUTION, MANUFACTURE, AND COPYRIGHT NOTICE
Place of production, publication, distribution, manufacture Hulu Selangor, Selangor :
Name of producer, publisher, distributor, manufacturer Darul Mughni Trading ,
Date of production, publication, distribution, manufacture, or copyright notice 2015
300 ## - PHYSICAL DESCRIPTION
Extent 174 pages :
Other physical details colour illustrations ;
Dimensions 25 cm
336 ## - CONTENT TYPE
Source rdacontent
Content type term text
337 ## - MEDIA TYPE
Source rdamedia
Media type term unmediated
338 ## - CARRIER TYPE
Source rdacarrier
Carrier type term volume
650 10 - SUBJECT ADDED ENTRY--TOPICAL TERM
Topical term or geographic name entry element Islamic stories - Malay ; Malay language - Readers
700 ## - ADDED ENTRY--PERSONAL NAME
Relator term author
942 ## - ADDED ENTRY ELEMENTS (KOHA)
-- dc
Koha item type Book
Holdings
Withdrawn Not for loan Current library Shelving location Date acquired Total Checkouts Full call number Barcode Date last seen Date last checked out Koha item type Total Renewals
    Perpustakaan Alor Setar Pinjaman Kanak-kanak 26/08/2015 15 K 297.18 ZUL A01456556 21/07/2024 20/07/2024 Book 1
    Perpustakaan Awam Sungai Petani Pinjaman Kanak-kanak 26/08/2015 18 K 297.18 ZUL A01456558 14/06/2026 03/06/2026 Book 5
    Perpustakaan Bandar Baharu Pinjaman Kanak-kanak 26/08/2015 3 K 297.18 ZUL A01456563 11/01/2026 21/12/2025 Book  
    Perpustakaan Kulim Pinjaman Kanak-kanak 26/08/2015 15 K 297.18 ZUL A01456559 02/09/2025 21/07/2025 Book 2
    Perpustakaan Langkawi Pinjaman Kanak-kanak 26/08/2015 1 K 297.18 ZUL A01456561 07/10/2020 09/09/2020 Book